Siva Purana (Uttarakhanda) : (Record no. 64355)

MARC details
000 -LEADER
fixed length control field 00456nam a22001457a 4500
005 - DATE AND TIME OF LATEST TRANSACTION
control field 20180809150631.0
020 ## - INTERNATIONAL STANDARD BOOK NUMBER
International Standard Book Number 8170815201
Terms of availability 192.00
035 ## - SYSTEM CONTROL NUMBER
System control number B-059667, B-059669
037 ## - SOURCE OF ACQUISITION
Stock number DPL
Source of stock number/acquisition ENG
100 ## - MAIN ENTRY--PERSONAL NAME
Personal name Dhal, U.N.
245 ## - TITLE STATEMENT
Title Siva Purana (Uttarakhanda) :
Remainder of title (Text with english translation and introduction) /
Statement of responsibility, etc by U.N. Dhal
260 ## - PUBLICATION, DISTRIBUTION, ETC. (IMPRINT)
Place of publication, distribution, etc Delhi
Name of publisher, distributor, etc Nag Publishers
Date of publication, distribution, etc 2000
300 ## - PHYSICAL DESCRIPTION
Extent xiii, 802p.
Dimensions 20 cms.
942 ## - ADDED ENTRY ELEMENTS (KOHA)
Source of classification or shelving scheme Dewey Decimal Classification
Item type English Books
Classification part 230.22
Call number suffix DHA
Holdings
Withdrawn status Lost status Not for loan Collection code Home library Current library Date acquired Cost, normal purchase price Full call number Barcode Cost, replacement price Koha item type Source of acquisition
      Non-fiction Sarojini Nagar Sarojini Nagar 24/03/2012 192.00 230.22 DHA B-059667 192.00 English Books  
      Non-fiction Shahdara Branch Shahdara Branch 09/08/2018 192.00 230.22 DHA B-059669 192.00 English Books BPPD/PUB

© Delhi Public Library
Hit Counter
free hit counter